000 00295nam a22001457a 4500
020 _a81-7573-677-1
082 _a001
_bDUA/F
100 _aDUA,SHYAM
245 _aSAINTS
250 _aFIRST
260 _aDELHI
_bTINY TOT
_c2004
300 _a108
650 _aINDIAN SAINTS
_zINDIA
942 _cBK
999 _c6645
_d6645